Top causes of death for ages 18–45 in the US / 2021 - Statistics

General Stats
  • This quiz has been taken 48 times
  • The average score is 5 of 9
Answer Stats
Hint Answer % Correct
17.6K Cancer
89%
22.8K Suicide
78%
19.8K Heart disease
76%
18.2K Homicide
71%
22.8K Motor vehicle accidents
69%
25.8K COVID-19
36%
42.7k Unintentional drug overdoses involving synthetic opioids (primarily fentanyl)
24%
8.8K Other accidents
7%
13.5K Other unintentional drug overdoses
2%
No matching quizzes found
Score Distribution
Percent of People with Each Score
Percentile by Number Answered
Your Score History
You have not taken this quiz